000 00438nam a2200193Ia 4500
005 20240823060351.0
008 240823s9999||||xx |||||||||||||| ||und||
020 _a81-85301-41-2
041 _aENGLISH
082 _A920 Q7
100 _aSwami Nikhilananda
245 0 _aVivekananda A Biography
250 _a1st
260 _c2017
_bAdvaita As
500 _aYES
650 _aBiography
_bGeneral
942 _cBK
999 _c230965
_d230965